| 000 | 01696cab a2200277 ab4500 | ||
|---|---|---|---|
| 005 | 20231108094345.0 | ||
| 008 | 991125c2016 ck fr p o 000 0 spa d | ||
| 035 | _aUPN01000218231 | ||
| 040 |
_aMX-MxUPN _bspa _cMX-MxUPN _eaacr2 |
||
| 049 | _aART-E | ||
| 100 | 1 | _aZapata Arango, Ericssol | |
| 100 | 1 | _uPatiño Mahecha, Lizeth | |
| 100 | 1 | _aPérez Ruiz, Valentina | |
| 245 | 1 | 0 |
_aViolencia de poder en la pareja _h[recurso electrónico en línea] |
| 506 | 0 | _aAcceso abierto | |
| 520 | 3 | _aEl presente texto es de carácter reflexivo, y evoca autores que han trazado caminos escriturales, que hoy, en las voces de las autoras de este artículo, a manera de provocación inicial, se presenta en las Jornadas de Lectura de Ensayos. La violencia de poder en las parejas ha incrementado en relación con la última década, debido a la falta de comunicación propia de la relación de pareja, además, de la influencia directa del micro sistema de un individuo, conformado por la familia, la cultura y la sociedad, en la que el sujeto realiza su aprendizaje vicario. En este sentido, la importancia del estudio en mención, radica en presentar qué aspectos determinan que en una relación, formalizada y estructurada, se ejerza violencia, psicológica y física, por poder en la pareja. Poiesis | |
| 653 | 0 | _aViolencia de pareja | |
| 653 | 0 | _aPoder | |
| 653 | 0 | _aComunicación | |
| 653 | 0 | _aRelaciones de pareja | |
| 773 |
_gNo. 30 (2016), p. 172-177 _tPoiesis: revista electrónica de psicología social _x1692-0945 |
||
| 856 | 4 | _uhttp://www.funlam.edu.co/revistas/index.php/poiesis/article/view/1864/1489 | |
| 902 | _bLeonor Sotres/071123 | ||
| 905 | _aArticulo | ||
| 942 | _cART-E | ||
| 999 |
_c190331 _d190331 |
||